| 000 | 00920cab a2200265 4500 | ||
|---|---|---|---|
| 001 | ABS58301 | ||
| 008 | 090401t1998 xxu||||| |||| 00| 0 eng d | ||
| 035 | _a(Sirsi) u84152 | ||
| 041 | _aeng | ||
| 100 | _aGrundy, N. | ||
| 245 | _aInterim housing pending appeal | ||
| 260 | _c1998 | ||
| 350 | _a0 | ||
| 490 |
_aSolicitors` Journal _v142(5) 6 February 1998, 104-105(2) |
||
| 520 | _aConsiders whether the county court has jurisdiction to order local authorities to house applicants who have lodged an appeal under the Housing Act 1996. Reviews the decisions of several county court judges on interim housing applications to provide a guide for practitioners. | ||
| 650 | _aCOUNTY COURT | ||
| 650 | _aHOMELESSNESS | ||
| 650 | _aHOUSING ACT 1996 | ||
| 650 | _aHOUSING NEED | ||
| 650 | _aINTERIM HOUSING | ||
| 650 | _aLOCAL HOUSING AUTHORITIES | ||
| 690 | _aHOUSING | ||
| 942 | _n0 | ||
| 948 | _c10/02/1998 | ||
| 999 |
_c52871 _d52871 |
||